LEADER 01220nam a2200301 u 4500 001 000000064324 003 CaOOAMICUS 005 20070226121338.0 008 011116s1985 fr u000 u fre u 020 $a2130390021 035 $a10910165 040 $aPUL$bita 100 1 $aHenry, Michel,$d1922-2002.$0(OLS)http://pul/name/39200 245 10$aGénéalogie de la psychanalyse :$ble commencement perdu /$cMichel Henry. 260 $aParis :$bPresses Universitaires de France,$c1985. 300 $a398 p. ;$c21 cm 490 1 $aEpiméthée 504 $aBibliografia in nota. 650 4$aPsicanalisi.$0(OLS)http://pul/subject/1791 830 0$aEpiméthée.$0(OLS)http://pul/title/13231 850 $aPUL 852 $aPUL$W1$xDP2 Filosofia 3$y112$m142. 7 HENMI 1$j176847$nBK-PRI$b $qDDC 21$B83395$CPULBib$Z2$F83395 $H86122 $81 941 1 $a9 960 $aPsicoanalisi$91791 961 $aprecedente collocazione: Fil 165 996 $6020$a2130390021$9(OLS)http://pul/number/83495 996 $6245$aGénéalogie de la psychanalyse :$ble commencement perdu$9(OLS)http://pul/title/105509 996 $6260$aParis :$bPresses Universitaires de France$9(OLS)http://pul/publisher/47940 LEADER 01756nam a2200409 a 4500 001 000000149656 003 CaOOAMICUS 005 20160223150145.0 008 160223s2015 it u000 u ita r 020 $z978-88-452-8020-7* 032 $aLibriCat 040 $aPUL$bita 041 1 $aita$agrc$hgrc 082 14$a184 100 0 $aPlato,$d427-347 a.C.$0(OLS)http://pul/name/250 245 10$aEutidemo :$bsull'eristica$cPlatone ; prefazione generale, saggio introduttivo, nuova traduzione e note di Giovanni Reale ; bibliografia specifica di Vincenzo Cicero . 260 $aMilano :$bBompiani,$c©2015. 300 $a326 p. ;$c20 cm. 490 1 $aBompiani testi a fronte 490 1 $aPlatone : dialoghi socratici ;$v9 504 $aBibliografia in nota a piè pagina. 546 $aTesto greco a fronte. 600 04$aPlato,$d427-347 a.C.$tDialogi$xCritica e interpretazione.$0(OLS)http://pul/subject/7026 700 1 $aReale, Giovanni,$d1931-2014.$0(OLS)http://pul/name/667 700 1 $aCicero, Vincenzo,$d1962-$0(OLS)http://pul/name/675 830 0$aBompiani testi a fronte.$0(OLS)http://pul/title/87343 830 0$aPlatone : dialoghi socratici ;$v9.$0(OLS)http://pul/title/185932 850 $aPUL 852 $aPUL$W1$xSL Filosofia 2$y80$mPhil A2 2B.9$j172521$qStampati Altre Collocazioni$B174342$CPULBib$Z2$F174342 $81 900 $aPlatone,$d427-347 a.C.$9250 941 1 $a10 983 0$aTesti a fronte (Bompiani) 996 $6020$z978-88-452-8020-7*$9(OLS)http://pul/number/159832 996 $6082$a184$9(OLS)http://pul/classification/184 996 $6245$aEutidemo :$bsull'eristica$9(OLS)http://pul/title/188679 996 $6260$aMilano :$bBompiani$9(OLS)http://pul/publisher/48240